000 00351 a2200169 4500
001 171227
020 _a
040 _cMagnum
100 _aNornha, Teresa
240 1 0 _aA porta da aventura
_lpor
245 1 0 _aA porta da aventura
300 _a54
362 0 _a1996
440 1 _aModerna
697 _aLITERATURA INFANTO-JUVENIL
942 _cBK
999 _c171227
_d171227